BIBLIOTECA PODER JUDICIAL
Portal Judicial TDF

Ley marcial y estado de sitio; en el derecho argentino : (Registro nro. 897)

000 -LEADER
fixed length control field 00691nam a22002057a 4500
003 - CONTROL NUMBER IDENTIFIER
control field OSt
005 - DATE AND TIME OF LATEST TRANSACTION
control field 20180630140156.0
008 - FIXED-LENGTH DATA ELEMENTS--GENERAL INFORMATION
fixed length control field 180228b xxu||||| |||| 00| 0 spa d
040 ## - CATALOGING SOURCE
Transcribing agency PJ
100 ## - ASIENTO PRINCIPAL - NOMBRE DE PERSONA
9 (RLIN) 1243
Personal name Sánchez Viamonte, Carlos
245 10 - MENCIÓN DE TÍTULO
Título propiamente dicho Ley marcial y estado de sitio; en el derecho argentino :
Parte restante del título en el derecho argentino /
Mención de responsabilidad, etc Carlos Sanchez Viamonte, prólogo por Emilio Frugoni.
260 ## - PUBLICATION, DISTRIBUTION, ETC. (IMPRINT)
Place of publication, distribution, etc Buenos Aires :
Name of publisher, distributor, etc Perrot,
Date of publication, distribution, etc 1957.
300 ## - DESCRIPCION FISICA
Extent 170 p.
Dimensions 23 cm.
650 #0 - ASIENTO SECUNDARIO DE MATERIA - TERMINO TEMATICO
Topical term or geographic name as entry element DERECHO CONSTITUCIONAL
9 (RLIN) 178
650 #0 - ASIENTO SECUNDARIO DE MATERIA - TERMINO TEMATICO
Topical term or geographic name as entry element ESTADO DE SITIO
9 (RLIN) 1244
650 #0 - ASIENTO SECUNDARIO DE MATERIA - TERMINO TEMATICO
Topical term or geographic name as entry element JUSTICIA MILITAR
9 (RLIN) 1245
650 #0 - ASIENTO SECUNDARIO DE MATERIA - TERMINO TEMATICO
Topical term or geographic name as entry element LEY MARCIAL
9 (RLIN) 1246
651 #0 - SUBJECT ADDED ENTRY--GEOGRAPHIC NAME
9 (RLIN) 232
Geographic name ARGENTINA
942 ## - ADDED ENTRY ELEMENTS (KOHA)
Source of classification or shelving scheme
Koha item type Libros
Classification part 342.77(82)
Item part SAN
Existencias
Withdrawn status Lost status Source of classification or shelving scheme Damaged status Not for loan Permanent Location Current Location Date acquired Full call number Barcode Date last seen Price effective from Koha item type
          Biblioteca Poder Judicial Sur Biblioteca Poder Judicial Sur 2018-06-30 342.77(82) SAN 2269 2018-06-30 2018-06-30 Libros

12 de Octubre 789 Ushuaia - Tel:  54(02901)441571
Horario de Atención: 8.00 a 17.00 hs. 
bibliotecaush@justierradelfuego.gov.ar
koha@justierradelfuego.gov.ar
Seguinos en nuestras redes @bibliojustdf 

Con tecnología Koha